A. M. Ŝerbak, Sravnitel'naâ fonetika tûrkskih âzykov. Leningrad Nauka, 1970 : recenziâ /

Elmentve itt :
Bibliográfiai részletek
Szerző: Sevortân Èrvand Vladimirovič
További közreműködők: Ŝerbak Aleksandr Mihajlovič
Dokumentumtípus: Cikk
Megjelent: AN SSSR [Moskva] 1973
Sorozat:Voprosy âzykoznaniâ
Kulcsszavak:Török nyelvtörténet - hangtan - könyvismertetés, Nyelvészet - összehasonlító - török nyelvek - könyvismertetés, Nyelvészet - összehasonlító - hangtan - könyvismertetés
Tárgyszavak:
Online Access:http://misc.bibl.u-szeged.hu/64761
LEADER 01157nab a2200253 i 4500
001 misc64761
005 20231013090553.0
008 230704s1973 hu o 0|| rus d
040 |a SZTE Miscellanea Repozitórium  |b hun 
041 |a rus 
100 1 |a Sevortân Èrvand Vladimirovič 
245 1 0 |a A. M. Ŝerbak, Sravnitel'naâ fonetika tûrkskih âzykov. Leningrad   |h [elektronikus dokumentum] :  |b Nauka, 1970 : recenziâ /  |c  Sevortân Èrvand Vladimirovič 
260 |a AN SSSR  |b [Moskva]  |c 1973 
300 |a 138-144  |c 26 cm 
300 |a [7] p.  |c 26 cm 
490 0 |a Voprosy âzykoznaniâ 
561 |a Németh Gyula hagyaték 
591 |a NOA 5573; NOA 5574 
650 4 |a Bölcsészettudományok 
650 4 |a Nyelvek és irodalom 
695 |a Török nyelvtörténet - hangtan - könyvismertetés, Nyelvészet - összehasonlító - török nyelvek - könyvismertetés, Nyelvészet - összehasonlító - hangtan - könyvismertetés 
700 0 1 |a Ŝerbak Aleksandr Mihajlovič 
856 4 0 |u http://misc.bibl.u-szeged.hu/64761/1/5573_noa.pdf  |z Dokumentum-elérés  
856 4 0 |u http://misc.bibl.u-szeged.hu/64761/2/5574_noa.pdf  |z Dokumentum-elérés